Introduction to engineering (Record no. 65070)
[ view plain ]
| 000 -LEADER | |
|---|---|
| fixed length control field | 00431nam a22001697a 4500 |
| 003 - CONTROL NUMBER IDENTIFIER | |
| control field | NUST - PNEC |
| 005 - DATE AND TIME OF LATEST TRANSACTION | |
| control field | 20170116180905.0 |
| 008 - FIXED-LENGTH DATA ELEMENTS--GENERAL INFORMATION | |
| fixed length control field | 150902b xxu||||| |||| 00| 0 eng d |
| 020 ## - INTERNATIONAL STANDARD BOOK NUMBER | |
| International Standard Book Number | 10987654321 |
| 040 ## - CATALOGING SOURCE | |
| Transcribing agency | LIBRARY |
| 082 ## - DEWEY DECIMAL CLASSIFICATION NUMBER | |
| Classification number | 620 WRI |
| 100 ## - MAIN ENTRY--PERSONAL NAME | |
| 9 (RLIN) | 6588 |
| Personal name | Wright, Paul H |
| 245 ## - TITLE STATEMENT | |
| Title | Introduction to engineering |
| Statement of responsibility, etc. | Paul H Wright |
| 260 ## - PUBLICATION, DISTRIBUTION, ETC. | |
| Date of publication, distribution, etc. | c. 1941 |
| 650 ## - SUBJECT ADDED ENTRY--TOPICAL TERM | |
| 9 (RLIN) | 6593 |
| Topical term or geographic name entry element | Engineering |
| General subdivision | ME, EE, EL,IME |
| 942 ## - ADDED ENTRY ELEMENTS (KOHA) | |
| Source of classification or shelving scheme | |
| Koha item type | Book |
| Withdrawn status | Lost status | Source of classification or shelving scheme | Damaged status | Not for loan | Permanent Location | Current Location | Shelving location | Date acquired | Total Checkouts | Full call number | Barcode | Date last seen | Date last checked out | Price effective from | Koha item type |
|---|---|---|---|---|---|---|---|---|---|---|---|---|---|---|---|
| Pakistan Navy Engineering College (PNEC) | Pakistan Navy Engineering College (PNEC) | 1 | 620 WRI | PNECLIB-020337 | 11/17/2016 | 11/17/2016 | 09/02/2015 | Book |
